[Event "Recife Pernambucano op"]
[Site "Recife"]
[Date "2024.12.06"]
[Round "1"]
[White "Borba, Eber Pereira"]
[Black "Dos Santos, Vinicius Barbosa"]
[Result "0-1"]
[WhiteElo "1780"]
[BlackElo "1774"]
[PlyCount "134"]
[EventDate "2024.12.06"]
[EventType "swiss"]
[EventRounds "6"]
[EventCountry "BRA"]
[SourceTitle "CB50_2024"]
[SourceDate "2024.11.01"]
[SourceVersion "1"]
[SourceVersionDate "2024.11.01"]
[SourceQuality "2"]

1. d4 Nf6 2. c4 g6 3. Nc3 Bg7 4. e4 d6 5. Nf3 0-0 6. Be2 Nbd7 7. 0-0 Re8 8. b3 e5 9. d5 h6 10. Bb2 Rf8 11. Rc1 Nc5 12. Nd2 Nh7 13. b4 Nd7 14. Nf3 Nb8 15. Bd3 f5 16. exf5 Bxf5 17. Bxf5 Rxf5 18. Ne4 Rf4 19. Qe2 Qf8 20. Nfd2 Nd7 21. f3 Nhf6 22. Nxf6+ Nxf6 23. Ne4 Re8 24. Rce1 Qe7 25. Bc1 Nxe4 26. fxe4 Rxf1+ 27. Rxf1 c6 28. Be3 a6 29. a3 Rc8 30. Qg4 Qe8 31. c5 Rd8 32. cxd6 Rxd6 33. Bc5 Rd8 34. d6 b6 35. Bxb6 Rxd6 36. Bc5 Rd3 37. a4 Kh7 38. Qe2 Qd7 39. h3 h5 40. Kh2 Bh6 41. b5 cxb5 42. axb5 axb5 43. Bg1 Bf4+ 44. Kh1 b4 45. Bh2 Re3 46. Qc2 Rc3 47. Qb2 Qd3 48. Qf2 Qxf1+ 49. Qxf1 Rc1 50. Qxc1 Bxc1 51. Bxe5 b3 52. Bd4 b2 53. Bxb2 Bxb2 54. Kg1 Kg7 55. Kf2 Kf6 56. Kf3 Ke5 57. g4 h4 58. g5 Bc3 59. Kg4 Be1 60. Kf3 Kd4 61. Kg4 Bg3 62. Kf3 Kd3 63. Kg4 Ke3 64. e5 Ke4 65. e6 Bd6 66. Kxh4 Kf3 67. e7 Bg3# 0-1

[Event "Joao Pessoa de Assis Memorial 3rd"]
[Site "Joao Pessoa"]
[Date "2023.10.21"]
[Round "3"]
[White "Dos Santos, Vinicius Barbosa"]
[Black "Marques, Marllyson T Corlett"]
[Result "1-0"]
[WhiteElo "1718"]
[BlackElo "1587"]
[PlyCount "105"]
[EventDate "2023.10.20"]
[EventType "swiss"]
[EventRounds "6"]
[EventCountry "BRA"]
[SourceTitle "CBM 216 Extra"]
[Source "ChessBase"]
[SourceDate "2023.11.30"]
[SourceVersion "1"]
[SourceVersionDate "2023.11.30"]
[SourceQuality "1"]

1. e4 c5 2. Nf3 Nc6 3. c3 d6 4. d4 cxd4 5. cxd4 Bg4 6. Be2 Qa5+ 7. Bd2 Qb6 8. Bc3 Nf6 9. d5 Nxe4 10. 0-0 Bxf3 11. Bxf3 Nxc3 12. Nxc3 Ne5 13. Qa4+ Kd8 14. Be4 g6 15. Rab1 Bg7 16. h3 Rc8 17. Qd1 Nd7 18. Bc2 Qd4 19. Qe2 Qc5 20. Rfc1 Bxc3 21. bxc3 Qxd5 22. Bb3 Qe5 23. Qf3 b6 24. Qb7 e6 25. Qxa7 Rc7 26. Qa8+ Ke7 27. Qf3 Rhc8 28. c4 Qc5 29. Re1 Qg5 30. Re4 Ne5 31. Qe2 Nd7 32. Re1 Nc5 33. Rg4 Qf6 34. Qd2 Ra8 35. Rd4 Rd7 36. Rd1 Rad8 37. Qb4 e5 38. Rd5 Ne4 39. Rf1 Ra7 40. Bc2 Nc5 41. Re1 Qf4 42. a4 h5 43. Qb5 g5 44. g3 Qf6 45. Qc6 Rdd7 46. Qb5 h4 47. g4 Qf3 48. Re3 Qf4 49. Bf5 Rd8 50. Qc6 Qxc4 51. Rdxe5+ dxe5 52. Rxe5+ Kf8 53. Qh6+ 1-0

[Event "Joao Pessoa op"]
[Site "Joao Pessoa"]
[Date "2023.03.18"]
[Round "4"]
[White "Dos Santos, Vinicius Barbosa"]
[Black "De Almeida, Valdemiza Gurgel"]
[Result "1-0"]
[WhiteElo "1711"]
[BlackElo "1351"]
[PlyCount "101"]
[EventDate "2023.03.17"]
[EventType "swiss"]
[EventRounds "6"]
[EventCountry "BRA"]
[SourceTitle "EXT 2024"]
[Source "ChessBase"]
[SourceDate "2023.10.10"]
[SourceVersion "1"]
[SourceVersionDate "2023.10.10"]
[SourceQuality "1"]

1. e4 d6 2. d4 Nd7 3. Nf3 c6 4. a4 Qc7 5. Bc4 e5 6. Ng5 Nh6 7. 0-0 Nf6 8. f4 Bg4 9. Be2 Be7 10. h3 Bxe2 11. Qxe2 exd4 12. Nf3 Qb6 13. Kh1 Nh5 14. Kh2 0-0 15. f5 d5 16. Bxh6 Bd6+ 17. e5 gxh6 18. exd6 Qd8 19. Qe7 Re8 20. Qxd8 Raxd8 21. Nxd4 Rxd6 22. Nd2 Re3 23. g4 Ng3 24. Rfe1 Rxe1 25. Rxe1 Ne4 26. Nxe4 dxe4 27. Rxe4 c5 28. Nf3 Kg7 29. Re7 Rb6 30. b3 a5 31. Nd2 Rd6 32. Nc4 Rd5 33. Rxb7 Kf6 34. Kg3 Rd1 35. Rc7 Rd5 36. Nxa5 Re5 37. Kf3 h5 38. g5+ Kxf5 39. Rxf7+ Kg6 40. Kf4 Rxg5 41. Re7 Rd5 42. Re6+ Kg7 43. Nc6 Rd2 44. c4 Rd3 45. h4 Rxb3 46. Re5 Rh3 47. Rxc5 Rxh4+ 48. Kg3 Rg4+ 49. Kh3 Kg6 50. Ne5+ Kg5 51. Nxg4+ 1-0

[Event "Joao Pessoa op"]
[Site "Joao Pessoa"]
[Date "2023.03.17"]
[Round "2"]
[White "Dos Santos, Vinicius Barbosa"]
[Black "De Saboya E Silva, Jose Frederic"]
[Result "0-1"]
[WhiteElo "1711"]
[BlackElo "1971"]
[PlyCount "54"]
[EventDate "2023.03.17"]
[EventType "swiss"]
[EventRounds "6"]
[EventCountry "BRA"]
[SourceTitle "EXT 2024"]
[Source "ChessBase"]
[SourceDate "2023.10.10"]
[SourceVersion "1"]
[SourceVersionDate "2023.10.10"]
[SourceQuality "1"]

1. e4 c5 2. Nf3 Nc6 3. c3 Nf6 4. Bd3 d5 5. e5 Ng4 6. Qe2 Qc7 7. Bb5 Bd7 8. Bxc6 Qxc6 9. 0-0 h5 10. h3 Nh6 11. d4 Nf5 12. Bf4 e6 13. b3 Qb6 14. Rd1 Rc8 15. g4 hxg4 16. hxg4 cxd4 17. cxd4 Bb5 18. Qd2 Nh4 19. Nxh4 Rxh4 20. f3 Qa6 21. Kf2 Be7 22. Bg3 Rh3 23. Kg2 Bf1+ 24. Rxf1 Rxg3+ 25. Kxg3 Qxf1 26. Qb2 Qg1+ 27. Kh3 Kd7 0-1

[Event "BRA-ch 88th"]
[Site "Recife"]
[Date "2022.12.18"]
[Round "5"]
[White "Dos Santos, Vinicius Barbosa"]
[Black "Pinto Filho, Karline de Valesio"]
[Result "1/2-1/2"]
[WhiteElo "1597"]
[BlackElo "1987"]
[PlyCount "64"]
[EventDate "2022.12.15"]
[EventType "swiss"]
[EventRounds "11"]
[EventCountry "BRA"]
[SourceTitle "CBM 212 Extra"]
[Source "ChessBase"]
[SourceDate "2023.03.31"]
[SourceVersion "1"]
[SourceVersionDate "2023.03.31"]
[SourceQuality "1"]

1. e4 e5 2. Nf3 Nf6 3. Nc3 Nc6 4. Bb5 d6 5. h3 Be7 6. 0-0 0-0 7. d3 a6 8. Ba4 b5 9. Bb3 Na5 10. Bd5 c6 11. Bb3 Rb8 12. Ne2 Nxb3 13. axb3 c5 14. c4 b4 15. Be3 a5 16. Ng3 Re8 17. Qd2 Ra8 18. Ra2 Nd7 19. Nf5 Nb6 20. Nxe7+ Rxe7 21. Rfa1 Rea7 22. g4 Bd7 23. Qc2 Qb8 24. Nd2 a4 25. bxa4 Nxa4 26. Kg2 Qc7 27. b3 Nc3 28. Rxa7 Rxa7 29. Rxa7 Qxa7 30. Nb1 Qa1 31. Nxc3 bxc3 32. Bc1 Kf8 1/2-1/2

[Event "BRA-ch 88th"]
[Site "Recife"]
[Date "2022.12.15"]
[Round "1"]
[White "Dos Santos, Vinicius Barbosa"]
[Black "Zanette, Edgard Vinicius"]
[Result "0-1"]
[WhiteElo "1597"]
[BlackElo "2083"]
[PlyCount "72"]
[EventDate "2022.12.15"]
[EventType "swiss"]
[EventRounds "11"]
[EventCountry "BRA"]
[SourceTitle "CBM 212 Extra"]
[Source "ChessBase"]
[SourceDate "2023.03.31"]
[SourceVersion "1"]
[SourceVersionDate "2023.03.31"]
[SourceQuality "1"]

1. e4 c5 2. Nf3 d6 3. Bc4 e6 4. c3 a6 5. Bb3 Nf6 6. Bc2 b6 7. 0-0 Bb7 8. Re1 Nc6 9. a3 Qc7 10. d4 e5 11. d5 Nb8 12. Nbd2 Be7 13. h3 Nbd7 14. Nf1 h6 15. Ng3 g6 16. c4 b5 17. b3 bxc4 18. bxc4 Rb8 19. Rb1 Bc8 20. Bd2 Rxb1 21. Qxb1 Kf8 22. Nh2 Kg7 23. f4 exf4 24. Bxf4 Ne5 25. Bxe5 dxe5 26. Rf1 Ne8 27. Ng4 Bxg4 28. hxg4 Nd6 29. Qb3 Rb8 30. Qd3 Qa5 31. Nh1 Rb2 32. Ra1 Bg5 33. a4 Qb4 34. Nf2 Nxc4 35. d6 Qe1+ 36. Kh2 Bf4+ 0-1